| 000 -LEADER |
| fixed length control field |
00706nam a22001337a 4500 |
| 008 - FIXED-LENGTH DATA ELEMENTS--GENERAL INFORMATION |
| fixed length control field |
260630b ||||| |||| 00| 0 eng d |
| 100 ## - MAIN ENTRY--PERSONAL NAME |
| Personal name |
Khan, Md. Farijuddin |
| 245 ## - TITLE STATEMENT |
| Title |
Japan’s role in Myanmar crisis |
| 260 ## - PUBLICATION, DISTRIBUTION, ETC. (IMPRINT) |
| Place of publication, distribution, etc |
Third Concept |
| 300 ## - PHYSICAL DESCRIPTION |
| Extent |
40(472), Jun, 2026: p.12-16 |
| 520 ## - SUMMARY, ETC. |
| Summary, etc |
This article examines Japan’s evolving strategy in Myanmar amid rising Chinese influence and ongoing internal conflict following the 2021 coup. Contrasting with western stations. Japan maintains economic ties and humanitarian aid, leveraging historical and diplomatic relationships to balance democratic values, with regional interest. – Reproduced |
| 773 ## - HOST ITEM ENTRY |
| Main entry heading |
Third Concept |
| 942 ## - ADDED ENTRY ELEMENTS (KOHA) |
| Item type |
Articles |